¡Oh, qué voz tiene el león! / (Registro nro. 129403)

Detalles MARC
000 -CABECERA
campo de control de longitud fija 00733nam a2200229 u 4500
005 - FECHA Y HORA DE LA ÚLTIMA TRANSACCIÓN
campo de control 20220816063940.0
008 - ELEMENTOS DE LONGITUD FIJA--INFORMACIÓN GENERAL
campo de control de longitud fija 080623s2001 es r 000 0 spa d
020 ## - NÚMERO INTERNACIONAL NORMALIZADO PARA LIBROS
Número Internacional Estándar del Libro 8478644318
035 ## - NÚMERO DE CONTROL DEL SISTEMA
Número de control de sistema UPN01000157289
049 ## - COLECCIÓN
Colección I
050 #4 - SIGNATURA TOPOGRÁFICA DE LA BIBLIOTECA DEL CONGRESO
Número de clasificación PZ76.3
Número de documento/Ítem A4.6
100 1# - ASIENTO PRINCIPAL--NOMBRE PERSONAL
Nombre de persona Alcántara, Ricardo,
Fechas asociadas al nombre 1946-
9 (RLIN) 30578
245 11 - MENCIÓN DE TÍTULO
Título ¡Oh, qué voz tiene el león! /
Mención de responsabilidad, etc. Ricardo Alcántara, Emilio Urberuaga.
260 ## - PUBLICACIÓN, DISTRIBUCIÓN, ETC.
Lugar de publicación, distribución, etc. Madrid :
Nombre del editor, distribuidor, etc. Combel,
Fecha de publicación, distribución, etc. 2001.
300 ## - DESCRIPCIÓN FÍSICA
Extensión 22 p. :
Otras características físicas il. col.
440 #0 - MENCIÓN DE SERIE/ASIENTO SECUNDARIO--TÍTULO
Título Caballo alado.
Nombre de parte o sección de la obra Al trote
650 #4 - ASIENTO SECUNDARIO DE MATERIA - TERMINO TEMATICO
Término de materia o nombre geográfico como elemento de entrada CUENTOS INFANTILES URUGUAYOS
9 (RLIN) 11547
650 #4 - ASIENTO SECUNDARIO DE MATERIA - TERMINO TEMATICO
Término de materia o nombre geográfico como elemento de entrada LEONES -
Subdivisión de forma CUENTOS Y LEYENDAS
9 (RLIN) 10311
650 #0 - ASIENTO SECUNDARIO DE MATERIA - TERMINO TEMATICO
Término de materia o nombre geográfico como elemento de entrada Amistad en la literatura
9 (RLIN) 10763
700 1# - ASIENTO SECUNDARIO--NOMBRE DE PERSONAL
Nombre de persona Urberuaga, Emilio,
Fechas asociadas al nombre 1954-
Término indicativo de función/relación coaut.
9 (RLIN) 31015
905 ## - TIPO DE MATERIAL
Tipo de material Infantil
Existencias
Estado de retiro Estado de pérdida Fuente del sistema de clasificación o colocación Estado dañado No para préstamo Código de colección Localización permanente Ubicación/localización actual Ubicación en estantería Fecha de adquisición Total de préstamos Clasificación Código de barras Fecha visto por última vez Número de copia Tipo de ítem Koha
    Library of Congress Classification     Infantil Bib. Gregorio Torres Quintero Bib. Gregorio Torres Quintero Sala infantil Planta baja 10/05/2023 13 PZ76.3 A4.6 259323 31/12/2020 1 Libro